Foreign Credits - Polands Experiment with Import-Induces Growth (Record no. 1715)

MARC details
000 -LEADER
fixed length control field 00506nam a22001937i 4500
001 - CONTROL NUMBER
control field 1734
003 - CONTROL NUMBER IDENTIFIER
control field OSt
005 - DATE AND TIME OF LATEST TRANSACTION
control field 20170126082258.0
007 - PHYSICAL DESCRIPTION FIXED FIELD--GENERAL INFORMATION
fixed length control field tu
008 - FIXED-LENGTH DATA ELEMENTS--GENERAL INFORMATION
fixed length control field 161220s1986 xxu||||| |||| 00| 0 d
024 7# - OTHER STANDARD IDENTIFIER
Standard number or code 1733
Source of number or code RID
040 ## - CATALOGING SOURCE
Transcribing agency OSt
084 ## - OTHER CLASSIFICATION NUMBER
Classification number 11.353
-- 11.352
Number source z
100 1# - MAIN ENTRY--PERSONAL NAME
Personal name Temkin, Gabriel
245 00 - TITLE STATEMENT
Title Foreign Credits - Polands Experiment with Import-Induces Growth
260 ## - PUBLICATION, DISTRIBUTION, ETC.
Place of publication, distribution, etc. St. Catharines :
Name of publisher, distributor, etc. Department of Economics,Brock Univiversity,
Date of publication, distribution, etc. 1986.
300 ## - PHYSICAL DESCRIPTION
Extent 85 S. ;
Dimensions 30cm.
651 ## - SUBJECT ADDED ENTRY--GEOGRAPHIC NAME
Geographic name Poland
942 ## - ADDED ENTRY ELEMENTS (KOHA)
Koha item type Book
Holdings
Withdrawn status Lost status Damaged status Not for loan Home library Current library Shelving location Date acquired Inventory number Total Checkouts Full call number Barcode Date last seen Price effective from Koha item type
        WIIW WIIW Souterrain 01/11/1995 1734   II-4.460 301732 01/26/2017 01/26/2017 Book
The Vienna Instiute for International Economic Studies (wiiw)